Normal view
MARC view
- Gedaro, Larry James S.
Entry Personal Name
001 - CONTROL NUMBER
- control field: 38654
003 - CONTROL NUMBER IDENTIFIER
- control field: OSt
005 - DATE AND TIME OF LATEST TRANSACTION
- control field: 20190508113109.0
008 - FIXED-LENGTH DATA ELEMENTS
- fixed length control field: 190508|| aca||aabn | a|a d
040 ## - CATALOGING SOURCE
- Original cataloging agency: OSt
- Transcribing agency: OSt
100 ## - HEADING--PERSONAL NAME
- Personal name: Gedaro, Larry James S.
670 ## - SOURCE DATA FOUND
- Source citation: Work cat.: (OSt): Gedaro, Larry James S., Common factors of juvenile delinquent acts :, ©2018.
